[Event "O Pohár mìsta Øíèany 2014 - OPEN A"]
[Site "Øíèany"]
[Date "2014.08.30"]
[Round "9.30"]
[White "Forman, Miroslav"]
[Black "Aubrecht, Petr"]
[Result "0-1"]
[WhiteElo "1926"]
[BlackElo "1539"]
[PlyCount "194"]
[EventDate "2014.??.??"]

1. d4 d6 2. Nf3 g6 3. c4 Bg7 4. Nc3 Nd7 5. Bg5 Ngf6 6. e4 h6 7. Be3 Ng4 8. Bc1
e5 9. d5 O-O 10. h3 Ngf6 11. b4 a5 12. Ba3 axb4 13. Bxb4 Nh7 14. Be2 Nb8 15.
Nd2 Na6 16. Ba3 f5 17. O-O f4 18. Nb3 h5 19. c5 Nxc5 20. Bxc5 dxc5 21. Nxc5 Qh4
22. Ne6 Bxe6 23. dxe6 Rae8 24. Qb3 Kh8 25. Nd5 Ng5 26. e7 Rf7 27. Bf3 Nxf3+ 28.
Qxf3 c6 29. Nb6 Rfxe7 30. Kh2 Rf8 31. Qd3 Qg5 32. Nc4 h4 33. Nd2 Rff7 34. Nf3
Qf6 35. Rfd1 Re8 36. Qc4 Bf8 37. Nxh4 Rh7 38. Nf3 g5 39. Kg1 b5 40. Qc3 Rg7 41.
Nh2 Qe6 42. Ng4 b4 43. Qc2 Ra7 44. Qd3 Bg7 45. Qd2 c5 46. Rdc1 Rc8 47. Qb2 Rb7
48. Nh2 c4 49. Nf3 Bf8 50. Qe2 c3 51. Ne1 Qc4 52. Qh5+ Kg7 53. Qg4 Rd8 54. Qf5
Qc8 55. Qxc8 Rxc8 56. Kf1 Rd8 57. Rc2 Rbd7 58. Rb1 Be7 59. Nf3 Kf6 60. Ke2 Ra7
61. Ne1 Rda8 62. Ra1 b3 63. Rxc3 Rxa2+ 64. Rxa2 Rxa2+ 65. Kd3 b2 66. Rc6+ Kf7
67. Rb6 Ra1 68. Rxb2 Rxe1 69. Rb5 Bf6 70. Rb7+ Kg6 71. Rb2 Rd1+ 72. Ke2 Rd4 73.
Kf3 Be7 74. Rb6+ Bd6 75. Rc6 Rd2 76. g3 fxg3 77. Kxg3 Kh5 78. Rc8 Rd3+ 79. Kg2
Be7 80. Re8 Bf6 81. Rg8 Rd4 82. Kf3 Rd3+ 83. Kg2 Rd7 84. Kg3 Rf7 85. Re8 Rh7
86. Rg8 Rh6 87. f3 Rh7 88. Rf8 Kg6 89. Rc8 Rd7 90. Rc6 Rd2 91. Ra6 Kf7 92. Rc6
Be7 93. Kg4 Rd4 94. Kf5 Rd3 95. Rh6 Rxf3+ 96. Kxe5 Bf6+ 97. Kd5 Bg7 0-1

[Event "O Pohár mìsta Øíèany 2014 - OPEN A"]
[Site "Øíèany"]
[Date "2014.08.30"]
[Round "9.32"]
[White "Grecny, Karol"]
[Black "Civin, Dominik"]
[Result "1-0"]
[WhiteElo "1888"]
[BlackElo "1601"]
[PlyCount "93"]
[EventDate "2014.??.??"]

1. e4 e6 2. d4 d5 3. Nc3 Nf6 4. Bg5 dxe4 5. Nxe4 Be7 6. Nxf6+ Bxf6 7. Bxf6 Qxf6
8. Nf3 O-O 9. Bd3 Nc6 10. O-O e5 11. d5 Ne7 12. Re1 Bg4 13. Be4 Rad8 14. c4 c6
15. Qb3 cxd5 16. cxd5 b6 17. Nxe5 Bf5 18. Bf3 Rfe8 19. Rad1 Ng6 20. Nxg6 hxg6
21. Rxe8+ Rxe8 22. d6 Qxd6 23. g4 Qf4 24. gxf5 gxf5 25. Bd5 Qg4+ 26. Kf1 Qe2+
27. Kg1 Qg4+ 28. Bg2 a5 29. f3 Qg6 30. Qd3 Kh8 31. Qd6 f6 32. Qxb6 Kh7 33. Qf2
Kg8 34. f4 Qg4 35. Qf3 Qg6 36. Qg3 Qh5 37. Bf3 Qh6 38. Rd5 Rc8 39. Bd1 a4 40.
Bxa4 Rc1+ 41. Rd1 Rc8 42. Bd7 Qh5 43. Qb3+ Kh7 44. Bxc8 Qg4+ 45. Kf2 Qxf4+ 46.
Qf3 Qxh2+ 47. Kf1 1-0

[Event "O Pohár mìsta Øíèany 2014 - OPEN A"]
[Site "Øíèany"]
[Date "2014.08.30"]
[Round "9.35"]
[White "Lizner, Milan"]
[Black "Zizka, Petr"]
[Result "0-1"]
[WhiteElo "1989"]
[BlackElo "1624"]
[PlyCount "34"]
[EventDate "2014.??.??"]

1. e4 c5 2. Nf3 d6 3. c3 Nc6 4. d4 e6 5. Bd3 Nf6 6. O-O Qc7 7. h3 Be7 8. Be3 a6
9. a4 Rb8 10. Na3 O-O 11. Rc1 Bd7 12. b4 b6 13. b5 Na5 14. Nd2 axb5 15. Bxb5 c4
16. Rb1 d5 17. f3 Bxa3 0-1

[Event "O Pohár mìsta Øíèany 2014 - OPEN A"]
[Site "Øíèany"]
[Date "2014.08.30"]
[Round "9.36"]
[White "Vorsilka, Jiri"]
[Black "Horyna, Josef"]
[Result "0-1"]
[WhiteElo "1691"]
[BlackElo "1854"]
[PlyCount "112"]
[EventDate "2014.??.??"]

1. e4 d6 2. d4 e5 3. Nf3 exd4 4. Nxd4 Nf6 5. Nc3 Be7 6. Be2 O-O 7. Be3 a6 8.
Qd2 c5 9. Nf5 Bxf5 10. exf5 d5 11. Bg5 d4 12. Bxf6 Bxf6 13. Ne4 Nd7 14. O-O-O
Qb6 15. g4 Rfe8 16. Bf3 Ne5 17. Nxf6+ Qxf6 18. g5 Qxf5 19. Bxb7 Rab8 20. Bxa6
Nf3 21. Qd3 Qxg5+ 22. Kb1 Ne5 23. Qg3 Qxg3 24. hxg3 Ng4 25. Rd2 g6 26. Bc4 Re7
27. b3 Rbe8 28. Kb2 h5 29. a4 Ne5 30. Bd5 Rd8 31. c4 Ng4 32. Bf3 f5 33. Bxg4
hxg4 34. Ka3 Kg7 35. b4 cxb4+ 36. Kxb4 Rb7+ 37. Kc5 Rc7+ 38. Kb5 Rb8+ 39. Ka6
Rxc4 40. a5 Rbb4 41. Rhd1 Rc6+ 42. Ka7 Rd6 43. Rc1 Rb5 44. a6 Ra5 45. Rcd1
Raxa6+ 46. Kb7 Ra4 47. Kc7 Re6 48. Rxd4 Rxd4 49. Rxd4 Re2 50. Kd6 Rxf2 51. Ke5
Rf3 52. Rd7+ Kh6 53. Kf6 f4 54. gxf4 Rxf4+ 55. Ke5 Rf8 56. Rd4 Kg5 0-1

[Event "O Pohár mìsta Øíèany 2014 - OPEN A"]
[Site "Øíèany"]
[Date "2014.08.30"]
[Round "9.37"]
[White "Vorisek, Jakub"]
[Black "Stork, Rostislav"]
[Result "1/2-1/2"]
[WhiteElo "1616"]
[BlackElo "1807"]
[PlyCount "65"]
[EventDate "2014.??.??"]

1. e4 e5 2. Nf3 Nf6 3. Nxe5 d6 4. Nf3 Nxe4 5. Nc3 Nxc3 6. dxc3 Be7 7. Be3 Nc6
8. Qd2 Be6 9. O-O-O Qd7 10. Kb1 O-O 11. Be2 Rfb8 12. Nd4 Nxd4 13. Bxd4 b5 14.
g4 a5 15. f4 f6 16. f5 Bf7 17. h4 b4 18. c4 a4 19. Rdf1 b3 20. g5 Qc6 21. Qc3
a3 22. cxb3 axb2 23. Kxb2 Qa6 24. Ra1 d5 25. gxf6 c5 26. fxe7 cxd4 27. Qxd4
dxc4 28. e8=Q+ Rxe8 29. Bxc4 Qa3+ 30. Kc2 Rac8 31. Rhg1 Rxc4+ 32. bxc4 Qa4+ 33.
Kd3 1/2-1/2

[Event "O Pohár mìsta Øíèany 2014 - OPEN A"]
[Site "Øíèany"]
[Date "2014.08.30"]
[Round "9.38"]
[White "Stankova, Zuzana"]
[Black "Vystrcil, Martin"]
[Result "1/2-1/2"]
[WhiteElo "1511"]
[BlackElo "1803"]
[PlyCount "60"]
[EventDate "2014.??.??"]

1. e4 Nf6 2. e5 Nd5 3. d4 d6 4. Nf3 g6 5. Bc4 Nb6 6. Bb3 Bg7 7. O-O O-O 8. c3
Bg4 9. Bf4 dxe5 10. Bxe5 Bxe5 11. dxe5 Qxd1 12. Bxd1 c6 13. b3 N8d7 14. Re1
Rad8 15. h3 Bxf3 16. Bxf3 e6 17. c4 Nc5 18. Nc3 Rd3 19. Ne4 Nxe4 20. Bxe4 Rd2
21. Red1 Rfd8 22. Bf3 f6 23. exf6 Kf7 24. Kf1 Kxf6 25. Ke1 Rxd1+ 26. Rxd1 Rxd1+
27. Kxd1 Nd7 28. Kd2 Ke5 29. Ke3 g5 30. g3 h6 1/2-1/2

[Event "O Pohár mìsta Øíèany 2014 - OPEN A"]
[Site "Øíèany"]
[Date "2014.08.30"]
[Round "9.39"]
[White "Zak, Jiri"]
[Black "Zlamana, Anna"]
[Result "0-1"]
[WhiteElo "1776"]
[BlackElo "1565"]
[PlyCount "82"]
[EventDate "2014.??.??"]

1. d4 d5 2. c4 e6 3. Nf3 Nf6 4. e3 Be7 5. Nc3 O-O 6. Bd3 dxc4 7. Bxc4 Nbd7 8.
O-O b6 9. Be2 Bb7 10. Qc2 c5 11. Rd1 cxd4 12. Nxd4 Rc8 13. Qa4 a6 14. Bf3 b5
15. Ncxb5 Bxf3 16. Nxf3 axb5 17. Qxb5 Qc7 18. b3 Rfd8 19. Qe2 Ne4 20. Bb2 Qc2
21. Qxc2 Rxc2 22. Be5 Nxe5 23. Rxd8+ Bxd8 24. Nxe5 Nc3 25. a4 Bf6 26. f4 Bxe5
27. fxe5 Kf8 28. b4 Nd5 29. b5 Nxe3 30. a5 Rc8 31. a6 Nd5 32. Kf2 Ke7 33. a7
Ra8 34. Kf3 Kd7 35. Ra6 Kc7 36. Ke4 Nc3+ 37. Kd4 Nxb5+ 38. Kc5 Nxa7 39. g4 Kd7
40. Rd6+ Ke7 41. Rb6 Rc8+ 0-1

[Event "O Pohár mìsta Øíèany 2014 - OPEN A"]
[Site "Øíèany"]
[Date "2014.08.30"]
[Round "9.40"]
[White "Pivonka, Michael"]
[Black "Sadil, Jan"]
[Result "0-1"]
[WhiteElo "1612"]
[BlackElo "1722"]
[PlyCount "72"]
[EventDate "2014.??.??"]

1. d4 Nf6 2. Nf3 g6 3. c4 Bg7 4. Nc3 O-O 5. e4 d6 6. Be2 Nbd7 7. O-O e5 8. dxe5
Nxe5 9. Nxe5 dxe5 10. Be3 Be6 11. f3 c6 12. Qc2 Qc7 13. Rfd1 b6 14. b3 Rad8 15.
Rxd8 Rxd8 16. Rd1 Bf8 17. Na4 Be7 18. Rxd8+ Qxd8 19. c5 b5 20. Nb2 Nd7 21. a4
a6 22. axb5 axb5 23. Nd3 Qa5 24. b4 Qa1+ 25. Qc1 Qxc1+ 26. Bxc1 f6 27. Bb2 Bc4
28. Kf2 Kf7 29. Ke3 Ke6 30. g3 Bd8 31. f4 Bc7 32. fxe5 Bxd3 33. Bxd3 Bxe5 34.
Bd4 Nb8 35. Bc2 Na6 36. Bb3+ Ke7 0-1

[Event "O Pohár mìsta Øíèany 2014 - OPEN A"]
[Site "Øíèany"]
[Date "2014.08.30"]
[Round "9.42"]
[White "Zabehlicky, Jiri"]
[Black "Trochta, Vojtech"]
[Result "0-1"]
[WhiteElo "1585"]
[BlackElo "1744"]
[PlyCount "74"]
[EventDate "2014.??.??"]

1. e4 c5 2. Nf3 Nc6 3. c3 e6 4. d4 d5 5. exd5 exd5 6. Bb5 Bg4 7. Qe2+ Be7 8.
dxc5 Nf6 9. O-O O-O 10. Re1 Bxc5 11. Bxc6 bxc6 12. Be3 Re8 13. Nbd2 Bxe3 14.
fxe3 Qb6 15. b3 Re7 16. Qf2 Bxf3 17. Qxf3 Rae8 18. Nf1 Ne4 19. Rac1 Qa5 20. Re2
Nxc3 21. Rec2 Ne4 22. Qg4 c5 23. Qf5 Re5 24. Qd7 Rd8 25. Qg4 h5 26. Qf4 Rde8
27. Qf3 g6 28. Qd1 Rd8 29. Qf3 Qb6 30. Qf4 Rf5 31. Qh4 Re8 32. Qe1 Rfe5 33. Qh4
d4 34. exd4 cxd4 35. Rc6 Qb5 36. R6c4 d3 37. Rd1 Qb6+ 0-1

[Event "O Pohár mìsta Øíèany 2014 - OPEN A"]
[Site "Øíèany"]
[Date "2014.08.30"]
[Round "9.43"]
[White "Skvaril, Michal"]
[Black "Petr, Jakub"]
[Result "1-0"]
[WhiteElo "1730"]
[BlackElo "1657"]
[PlyCount "55"]
[EventDate "2014.??.??"]

1. e4 c5 2. Nf3 d6 3. d4 cxd4 4. Nxd4 Nf6 5. Nc3 a6 6. Bg5 e6 7. f4 Nbd7 8. Qf3
Qc7 9. O-O-O b5 10. Bd3 Bb7 11. Rhe1 O-O-O 12. Qe2 Nc5 13. a3 Kb8 14. Bh4 Rc8
15. Bf2 d5 16. e5 Nfe4 17. Bxe4 dxe4 18. Kb1 Be7 19. Qe3 Na4 20. Nxa4 bxa4 21.
Nxe6 Qxc2+ 22. Ka1 fxe6 23. Qa7+ Kc7 24. Rc1 Qxc1+ 25. Rxc1+ Kd8 26. Bb6+ Ke8
27. Rxc8+ Bxc8 28. Qc7 1-0

[Event "O Pohár mìsta Øíèany 2014 - OPEN A"]
[Site "Øíèany"]
[Date "2014.08.30"]
[Round "9.45"]
[White "Kalvach, Ladislav"]
[Black "Jirousek, Filip"]
[Result "1-0"]
[WhiteElo "1924"]
[BlackElo "1778"]
[PlyCount "35"]
[EventDate "2014.??.??"]

1. e4 c5 2. Nf3 Nc6 3. Bb5 a6 4. Bxc6 dxc6 5. d3 Bg4 6. Nbd2 e5 7. h3 Bxf3 8.
Qxf3 Qf6 9. Qg3 Ne7 10. O-O Ng6 11. Nc4 b5 12. Bg5 Qe6 13. Na5 Rb8 14. f4 exf4
15. Bxf4 Nxf4 16. Rxf4 g6 17. Rf6 Qxf6 18. Qxb8+ 1-0

[Event "O Pohár mìsta Øíèany 2014 - OPEN A"]
[Site "Øíèany"]
[Date "2014.08.30"]
[Round "9.47"]
[White "Palla, Ivan"]
[Black "Benes, Karel"]
[Result "0-1"]
[WhiteElo "1536"]
[BlackElo "1669"]
[PlyCount "100"]
[EventDate "2014.??.??"]

1. Nf3 d5 2. d4 Nf6 3. g3 e6 4. Bg2 c5 5. O-O Nbd7 6. c3 Be7 7. Qc2 O-O 8. Nbd2
b6 9. Ne5 Bb7 10. f4 Rc8 11. Qb1 cxd4 12. cxd4 Ne8 13. Qd3 Nd6 14. b3 f6 15.
Nxd7 Qxd7 16. Ba3 Rfe8 17. Rac1 Rxc1 18. Rxc1 Rc8 19. Rxc8+ Qxc8 20. Bb2 Ba6
21. Qc3 Qxc3 22. Bxc3 Bxe2 23. Kf2 Bd3 24. g4 f5 25. Ke3 Bc2 26. h3 h6 27. Bb4
Kf7 28. Bxd6 Bxd6 29. gxf5 Bxf5 30. h4 b5 31. Bf1 b4 32. Bd3 Kf6 33. Be2 h5 34.
Bxh5 g6 35. Be2 Kg7 36. h5 gxh5 37. Bxh5 Be7 38. Be2 Bh4 39. Nf3 Bg3 40. Nd2
Kf6 41. Nf1 Be1 42. Bd3 Bc3 43. Nh2 Bxd3 44. Kxd3 Kf5 45. Ke3 Bb2 46. Nf1 Bc1+
47. Nd2 Bxd2+ 48. Kxd2 Ke4 49. Ke2 Kxd4 50. Kd2 a5 0-1